| 000 | 01126nam a22002057a 4500 | ||
|---|---|---|---|
| 999 |
_c58924 _d58924 |
||
| 003 | Ge_BSU | ||
| 005 | 20221019153137.0 | ||
| 008 | 221019s2021 ge ||||| |||| 00| 0 geo d | ||
| 020 | _a9789941826160 | ||
| 041 | _ageo | ||
| 080 | _a576.3(075.8)+ 577.2(075.8) უ-99 | ||
| 245 |
_aუჯრედის მოლეკულური ბიოლოგია : _bსახელმძღვანელო თბილისის სახელმწ. სამედიცინო უნ-ტის სტუდენტებისთვის / _cნინო ხვიტიასა და მანანა ფრუიძის რედაქციით. |
||
| 264 |
_aთბილისი, _b _c 2020. |
||
| 300 |
_a278 გვ. : _bსურ. ; _c29 სმ. |
||
| 504 | _aბიბლიოგრაფია: გვ. 278. | ||
| 653 | _aუჯრედის მოლეკულური ბიოლოგია | ||
| 700 |
_aხვიტია, ნინო _eრედაქტორი _915369 |
||
| 700 |
_aფრუიძე, მანანა _eრედაქტორი. _915370 |
||
| 942 |
_2udc _cBK |
||